| 000 | 00693nam a2200217 a 4500 | ||
|---|---|---|---|
| 001 | BRCA_6019 | ||
| 005 | 20190320205312.0 | ||
| 008 | 020311t1943----mx-######s---#000-0#spa-# | ||
| 041 | _aspa | ||
| 044 | _amx | ||
| 050 | 4 |
_aF1201 4 _b.S67 |
|
| 245 | 1 | 0 |
_aBoletín de la Sociedad Mexicana de Geografía y Estadística. _cSociedad Mexicana de Geografía y Estadística |
| 260 |
_aMéxico _bSociedad Mexicana de Geografía y Estadística. _c1943 |
||
| 300 |
_aTomo LVIII _bils., 16 _c23 cm. |
||
| 500 | _aIgual a Q24, Q139 y H20 | ||
| 500 | _aQ140 | ||
| 650 | 1 | 4 |
_aGeografía _zMéxico _914473 |
| 710 | 2 |
_aSociedad Mexicana de Geografía y Estadística _97456 |
|
| 902 | _aGFM | ||
| 942 |
_2lcc _cB |
||
| 999 |
_c5708 _d5708 |
||